Senatus censuit: attività giudiziaria ed attività normativa del senato in età imperiale
保存先:
| 第一著者: | |
|---|---|
| フォーマット: | 図書 |
| 言語: | イタリア語 |
| 出版事項: |
Milán
Dott. A. Giuffrè
1992
|
| シリーズ: | Università di Catania, 137
|
| 主題: | |
| タグ: |
タグ追加
タグなし, このレコードへの初めてのタグを付けませんか!
|
MARC
| LEADER | 00000nam a2200000 a 4500 | ||
|---|---|---|---|
| 001 | UCO5165 | ||
| 003 | CL-VaPUC | ||
| 008 | 000825e19920000IT |||||||||||||||||ita|d | ||
| 082 | 0 | 4 | |a 340.54 |b ARC |2 21 |
| 100 | 0 | |a Arcaria, Francesco |e author |9 449929 | |
| 245 | 1 | 0 | |a Senatus censuit: attività giudiziaria ed attività normativa del senato in età imperiale |
| 300 | |a 351 p | ||
| 942 | |c BK | ||
| 945 | |d 20000825 00:00:00 |a cmena | ||
| 260 | |a Milán |b Dott. A. Giuffrè |c 1992 | ||
| 650 | 0 | |a Derecho romano |9 255930 | |
| 583 | |a last modification |c 20000825 00:00:00 |k Rodrigo Vera | ||
| 490 | 0 | |a Università di Catania, 137 | |
| 999 | |c 291115 |d 291113 | ||
| 952 | |0 0 |1 0 |4 0 |6 340_540000000000000_ARC_1992 |7 0 |8 DER_ROM |9 340807 |a BIBDER |b BIBDER |d 2019-11-20 |i 3592154 |l 1 |o 340.54 ARC 1992 |p 3592154 |r 2023-01-25 |s 2020-03-16 |w 2019-11-20 |x Ubicación 4to piso |y BK |z Este recurso debe solicitarse con anticipación |k DER | ||